| 000 | 00394 a2200097 4500 | ||
|---|---|---|---|
| 245 | 0 | 0 |
_aCAMAC - Blokowy system oprzyrządowania elektroniczego do pomiarów automatycznych i sterowania Podstawowe wymiary stojaków i szaf PN-77/T-06534 / _cMEiEner.Atomowej. |
| 246 | 1 | 3 | _aPN-77/T-06534 |
| 246 | 1 | 3 | _a621.3.523.8:621.398 |
| 260 |
_aWarszawa : _bMEiEner.Atomowej, _c1977. |
||
| 300 |
_a3 stron ; _c30 cm. |
||
| 650 | _aPolska norma | ||
| 999 |
_c21052 _d21052 |
||